| 000 | 01006nam a2200301 i 4500 | ||
|---|---|---|---|
| 003 | EG-GICUC | ||
| 005 | 20260310103615.0 | ||
| 008 | 260310s1964 fr |||fr|||| 00| 0 ara d | ||
| 040 |
_aEG-GiCUC _bfre _cEG-GiCUC _dEG-GiCUC _eRda |
||
| 041 | 0 | _afre | |
| 082 | 0 | 4 |
_221 _a343 _bZL . C |
| 092 | 0 | 4 | _221 |
| 099 | _aLaw1 10 343 ZL . C 1964 | ||
| 100 | 1 |
_aZlataric, Bogdan _eAuteur |
|
| 245 | 1 | 0 |
_aCours Dieb Droit Penal Approfondi : _bParticipation Criminelie Etude D's Droit Penal Compare / _cPar Bogdan Zlataric. |
| 264 |
_a[lieu De Publication Non Identifié] : _b[Éditeur Non Identifié], _c1964. |
||
| 300 |
_a529 page; _c 24 cm. |
||
| 336 |
_2rda contenu _a texte |
||
| 337 |
_2rda medias _aOrdinateur |
||
| 338 |
_2 transporteur rda _a Ressource en ligne |
||
| 546 | _aTexte en français | ||
| 650 | 1 |
_aCriminologie _2qrmak |
|
| 650 | 1 |
_aDroit de pénal _2qrmak |
|
| 651 | 1 | _2qrmak | |
| 856 | 4 | 0 | _uhttps://fll.law.cu.edu.eg/fulltext/bks/eB10-08230.pdf |
| 905 | _a54 | ||
| 942 |
_2ddc _cBK _e21 _n0 |
||
| 999 |
_c65948 _d65948 |
||